Presupuesto y gestión (Registro nro. 814)

Detalles MARC
000 -LEADER
fixed length control field 01087 a2200241 4500
001 - CONTROL NUMBER
control field 21548
005 - DATE AND TIME OF LATEST TRANSACTION
control field 20260407155505.0
008 - FIXED-LENGTH DATA ELEMENTS--GENERAL INFORMATION
fixed length control field 260407a2009 arg spa d
003 - CONTROL NUMBER IDENTIFIER
control field AR-UNSa-BCEJYS
040 ## - CATALOGING SOURCE
Original cataloging agency AR-UNSa-BCEJYS
Language of cataloging spa
Transcribing agency AR-UNSa-BCEJYS
080 ## - UNIVERSAL DECIMAL CLASSIFICATION NUMBER
Universal Decimal Classification number 657.312
Common auxiliary subdivision Tipo de presupuestos
020 ## - INTERNATIONAL STANDARD BOOK NUMBER
International Standard Book Number 978-987-03-0877-5
100 1# - MAIN ENTRY--PERSONAL NAME
Personal name Lavolpe, Antonio
245 10 - TITLE STATEMENT
Title Presupuesto y gestión
264 #1 - PRODUCTION, PUBLICATION, DISTRIBUTION, MANUFACTURE, AND COPYRIGHT NOTICE
Place of production, publication, distribution, manufacture Buenos Aires :
Name of producer, publisher, distributor, manufacturer La Ley
Date of production, publication, distribution, manufacture, or copyright notice 2009
300 ## - PHYSICAL DESCRIPTION
Extent xvii, 478 p.
Dimensions 24 cm.
505 ## - FORMATTED CONTENTS NOTE
Formatted contents note 1. Por que es necesario operar con presupuesto - 2. Planeamiento y presupuesto - 3. El presupuesto de ventas - 4. Planes de producción y de compras - 5. Costos - 6. El presupuesto económico - 7. El presupuesto financiero - 8. Conceptos generales sobre presupuesto - 9. Control presupuestario - 10. Caso práctico integral - 11. La empresa
590 ## - LOCAL NOTE (RLIN)
Local note niveau_biblio:m niveau_hierar:0
700 1# - ADDED ENTRY--PERSONAL NAME
Personal name Capasso, Carmelo Mario
700 1# - ADDED ENTRY--PERSONAL NAME
Personal name Smolje, Alejandro R.
856 41 - ELECTRONIC LOCATION AND ACCESS
Uniform Resource Identifier <a href="https://biblioeco.unsa.edu.ar/pmb/images/libros/Presupuestos y Gestion3.jpg">https://biblioeco.unsa.edu.ar/pmb/images/libros/Presupuestos y Gestion3.jpg</a>
Link text Imagen de portada
Electronic format type image/jpeg
942 ## - ADDED ENTRY ELEMENTS (KOHA)
Koha item type
Existencias
Withdrawn status Lost status Damaged status Not for loan Home library Current library Shelving location Date acquired Total checkouts Full call number Barcode Date last seen Price effective from Koha item type
        Biblioteca Prof. Eusebio Cleto del Rey Biblioteca Prof. Eusebio Cleto del Rey   07/04/2026   657.312 L414p L119377 07/04/2026 07/04/2026 Libro
        Biblioteca Prof. Eusebio Cleto del Rey Biblioteca Prof. Eusebio Cleto del Rey   07/04/2026   657.312 L414p L119378 07/04/2026 07/04/2026 Libro
        Biblioteca Prof. Eusebio Cleto del Rey Biblioteca Prof. Eusebio Cleto del Rey   07/04/2026   657.312 L414p L119379 07/04/2026 07/04/2026 Libro